| 000 | 00666nam a22001937a 4500 | ||
|---|---|---|---|
| 008 | 230515b |||||||| |||| 00| 0 eng d | ||
| 020 | _a9780895811738 | ||
| 040 |
_aNational Science Library _cNational Science Library |
||
| 080 |
_aR 03=912=20 _bM4 |
||
| 100 |
_aWilliams, Monier _98358 |
||
| 245 | _aSanskrit-English dictionary etymologically and philologically arranged with special reference to cognate Indo-European languages | ||
| 260 |
_aDelhi: _bMotilal Banarsidass, _c 1984 |
||
| 300 | _axxxiv, 1333p. | ||
| 650 | _aSanskrit | ||
| 653 | _a Dictionaries | ||
| 653 | _aDictionnaires multilingues | ||
| 700 | _aCappeller, Carl | ||
| 942 |
_2udc _cREF |
||
| 999 |
_c29919 _d29919 |
||